000 00807nam a2200217 a 4500
001 000028828
005 20200930055149.0
008 110412s1984 dr 000 0 spa d
040 _aDO-SdBNP
_bspa
_cBNPHU
082 _axxx
_bP438c
100 1 _aPérez Marrero, Josefina
_925861
245 1 0 _aContaminación de alimentos y aguas :
_bun tema de palpitante actualidad /
_cJosefina Pérez Marrero.
260 _aSanto Domingo :
_bUASD,
_c1984.
300 _a18 p. ;
_c21 cm.
490 1 _aPublicaciones de la Universidad Autónoma de Santo Domingo
_v479
490 1 _aUASD crítica
_v31
500 _aConferencia dictada en el aula Magna el 4 de octubre del 1984.
830 1 _aPublicaciones de la Universidad Autónoma de Santo Domingo
_n479
_955812
830 0 _aUASD crítica
_n31
_955813
049 _aBNPD
999 _c28320
_d28320